| 000 -LEADER |
| fixed length control field |
00927cam a2200289 4500 |
| 001 - CONTROL NUMBER |
| control field |
10759360 |
| 003 - CONTROL NUMBER IDENTIFIER |
| control field |
OSt |
| 005 - DATE AND TIME OF LATEST TRANSACTION |
| control field |
20190729095044.0 |
| 008 - FIXED-LENGTH DATA ELEMENTS--GENERAL INFORMATION |
| fixed length control field |
941024s1981 nyu 000 1 eng d |
| 020 ## - INTERNATIONAL STANDARD BOOK NUMBER |
| International Standard Book Number |
0553212184 : |
| 020 ## - INTERNATIONAL STANDARD BOOK NUMBER |
| International Standard Book Number |
9780553212181 |
| 040 ## - CATALOGING SOURCE |
| Original cataloging agency |
LSM |
| Transcribing agency |
LSM |
| -- |
IUL |
| -- |
CYL |
| 043 ## - GEOGRAPHIC AREA CODE |
| Geographic area code |
n-us--- |
| 082 ## - DEWEY DECIMAL CLASSIFICATION NUMBER |
| Classification number |
FIC STO |
| 100 10 - MAIN ENTRY--PERSONAL NAME |
| Personal name |
Stowe, Harriet Beecher, |
| Dates associated with a name |
1811-1896. |
| Relator term |
author |
| 245 10 - TITLE STATEMENT |
| Title |
Uncle Tom's cabin / |
| Statement of responsibility, etc. |
by Harriet Beecher Stowe; with an introduction by Alfred Kazin. |
| 250 ## - EDITION STATEMENT |
| Edition statement |
Bantam classic ed. |
| 260 ## - PUBLICATION, DISTRIBUTION, ETC. |
| Place of publication, distribution, etc. |
New York : |
| Name of publisher, distributor, etc. |
Bantam Books, |
| Date of publication, distribution, etc. |
c1981. |
| 300 ## - PHYSICAL DESCRIPTION |
| Extent |
xviii, 451 p.; |
| Dimensions |
18 cm. |
| 490 0# - SERIES STATEMENT |
| Series statement |
A Bantam Classic. |
| 500 ## - GENERAL NOTE |
| General note |
"A Bantam Classic." |
| 500 ## - GENERAL NOTE |
| General note |
This edition contains the complete text of the original hardcover edition. |
| 504 ## - BIBLIOGRAPHY, ETC. NOTE |
| Bibliography, etc. note |
Bibliography: p. 449-451. |
| 650 0# - SUBJECT ADDED ENTRY--TOPICAL TERM |
| Topical term or geographic name entry element |
Slavery |
| Geographic subdivision |
United States |
| General subdivision |
Fiction. |
| 700 ## - ADDED ENTRY--PERSONAL NAME |
| Personal name |
Alfred Kazin |
| Relator term |
Writer of introduction |
| 942 ## - ADDED ENTRY ELEMENTS (KOHA) |
| Source of classification or shelving scheme |
|
| Koha item type |
Books - Fiction |